Výchova dětí útlého věku v jeslích

Bibliographic Details
Main Author: Singule, František, 1921-1991 (Author)
Format: Book
Language:Czech
PhysicalDescription:137, [3] s. 29 cm
Published: Praha Státní pedagogické nakladatelství 1989
Edition:1. vyd.
Subjects:

MARC

LEADER 00000cam a2200000 a 4500
001 vtls001335552
003 SK-MaSNL
005 20260301070008.0
008 210928s1989 xr np 00000 cze
020 |q (brož.) 
035 |a SNK000288525 
040 |a SNK  |b slo  |c SNK  |e AACR2 
041 0 |a cze 
044 |a xr  |c CZ 
080 |a 373.22(075.8)  |2 1981 
100 1 |a Singule, František,  |d 1921-1991  |4 aut  |9 117918 
245 1 0 |a Výchova dětí útlého věku v jeslích  |c František Singule a kolektiv 
250 |a 1. vyd. 
260 |a Praha  |b Státní pedagogické nakladatelství  |c 1989 
300 |a 137, [3] s.  |c 29 cm 
504 |a Obsahuje bibliografiu 
650 0 7 |a detské jasle  |2 SNKPH  |9 50070 
650 0 7 |a výchova dieťaťa  |2 SNKPH  |9 21780 
655 7 |a učebnice vysokých škôl  |2 SNKPH  |9 70191 
710 2 |a Univerzita Karlova  |4 pbl 
852 |a Slovenská národná knižnica 
958 |a RK 
958 |a OND 
999 |c 632736  |d 634666 
952 |t P60, <04>, [BOOK], {604}  |a SNK  |b SNK  |y VYP  |7 0  |o snkIB 63417 D1  |i snkKIP 388/90  |0 0  |1 0  |4 0  |d 1998-06-26  |l 0  |r 2005-01-02 00:00:00  |w 2026-02-23 
952 |t P60, <04>, [BOOK], {604}  |a SNK  |b SNK  |y VYP  |7 0  |p 17A0339476  |o snkIB 63417  |i snkKIP 387/90  |0 0  |1 0  |4 0  |d 1998-06-26  |l 0  |r 2005-01-02 00:00:00  |w 2026-02-23